000
00267nam a22001097a 4500
082
_a
823
_b
STI/B
100
_a
STIMSON, JOAN
245
_a
BAD BEN AND THE MONSTER
260
_a
UNITED STATES
_b
LADY BIRD BOOKS
_c
1990
650
_a
ENGLISH STORY
_z
UNITED STATES
942
_c
BK
999
_c
7517
_d
7517